000 00585nam a2200181Ia 4500
008 100921s9999 xx 000 0 und d
082 _b39432
_a891.463 न 00
100 _aबोकील मिलिंद.
245 _aझेन गार्डन.
260 _bमौज प्रकाशन,मुंबई.
_c2000
300 _a232
_bसाहित्यसेवा
365 _b150
520 _aललित-कथा.
630 _aझेन गार्डन.
650 _aललित-कथा.
730 _aझेन गार्डन.
942 _cBOOK
999 _c788545
_d788542